[Event "Berlin Eckbauer op 20th"]
[Site "Berlin"]
[Date "2017.11.27"]
[Round "7"]
[White "Flemmig, Frithjof"]
[Black "Gebigke, Lena"]
[Result "0-1"]
[WhiteElo "1527"]
[BlackElo "1653"]
[PlyCount "86"]
[EventDate "2017.10.09"]
[EventType "swiss"]
[EventRounds "7"]
[EventCountry "GER"]
[SourceTitle "CBM 189 Extra"]
[Source "ChessBase"]
[SourceDate "2019.06.03"]
[SourceVersion "1"]
[SourceVersionDate "2019.06.03"]
[SourceQuality "1"]

1. Nf3 d5 2. d4 Nf6 3. c4 e6 4. g3 c5 5. Bg2 cxd4 6. Nxd4 Be7 7. Nc3 Nc6 8. 0-0 Qb6 9. c5 Qxc5 10. Ndb5 Qb6 11. Be3 Qd8 12. Qb3 a6 13. Nd4 Na5 14. Qc2 Bd7 15. Rac1 0-0 16. Rfd1 Rc8 17. Qb1 e5 18. Nf5 d4 19. Bxd4 exd4 20. Nxd4 Qb6 21. Nd5 Nxd5 22. Bxd5 Bh3 23. a3 Rxc1 24. Qxc1 Rd8 25. e4 Bf6 26. b4 Nc6 27. Nf3 Bg4 28. Qf4 Be6 29. Ng5 Bxd5 30. exd5 Nd4 31. Qe4 g6 32. Nf3 Nb5 33. Qd3 Qd6 34. Qe3 Nc3 35. Rd3 Nxd5 36. Qh6 Qe6 37. Ng5 Bxg5 38. Qxg5 Rd7 39. Qc1 Rc7 40. Qd2 Nf6 41. Qf4 Rc6 42. Rf3 Kg7 43. Kg2 Rc4 0-1

[Event "Berlin Eckbauer op 20th"]
[Site "Berlin"]
[Date "2017.11.06"]
[Round "4"]
[White "Flemmig, Frithjof"]
[Black "Kramer, Ralf"]
[Result "1-0"]
[WhiteElo "1527"]
[BlackElo "1567"]
[PlyCount "61"]
[EventDate "2017.10.09"]
[EventType "swiss"]
[EventRounds "7"]
[EventCountry "GER"]
[SourceTitle "CBM 189 Extra"]
[Source "ChessBase"]
[SourceDate "2019.06.03"]
[SourceVersion "1"]
[SourceVersionDate "2019.06.03"]
[SourceQuality "1"]

1. Nf3 b5 2. e4 Bb7 3. d3 g6 4. Be2 Bg7 5. c3 c5 6. 0-0 Nc6 7. Be3 d6 8. Nbd2 a6 9. a4 Nf6 10. axb5 axb5 11. Rxa8 Bxa8 12. Qb3 0-0 13. Ng5 h6 14. Nxf7 Rxf7 15. f4 Qe8 16. Qxb5 e6 17. d4 Rb7 18. Qa4 Ra7 19. Qb3 d5 20. dxc5 dxe4 21. Nc4 Nd5 22. Nd6 Qd8 23. Bc1 Ra5 24. Nxe4 Bd4+ 25. cxd4 Nxd4 26. Qd3 Nb4 27. Qe3 Nbc2 28. Qd3 Nxe2+ 29. Qxe2 Qd4+ 30. Nf2 Qd5 31. Nd3 1-0

[Event "Berlin Eckbauer op 17th"]
[Site "Berlin"]
[Date "2014.11.10"]
[Round "5"]
[White "Hoffmann, Peter2222"]
[Black "Flemmig, Frithjof"]
[Result "1-0"]
[WhiteElo "1958"]
[BlackElo "1581"]
[PlyCount "76"]
[EventDate "2014.10.06"]
[EventType "swiss"]
[EventRounds "7"]
[EventCountry "GER"]
[SourceTitle "EXT 2022"]
[Source "ChessBase"]
[SourceDate "2021.10.06"]
[SourceVersion "1"]
[SourceVersionDate "2021.10.06"]
[SourceQuality "1"]

1. d4 Nf6 2. Nf3 g6 3. g3 Bg7 4. Bg2 c5 5. d5 d6 6. Nc3 b5 7. 0-0 b4 8. Nb1 Nbd7 9. c4 Nb6 10. Nbd2 Bf5 11. Re1 Ne4 12. Nh4 Nxd2 13. Nxf5 gxf5 14. Qxd2 Nxc4 15. Qc2 Ne5 16. Qxf5 h5 17. h3 Qd7 18. Qe4 f5 19. Qc2 h4 20. e4 hxg3 21. fxg3 fxe4 22. Qxe4 Bf6 23. Bf4 0-0-0 24. a3 b3 25. Qe2 Rdg8 26. g4 Nxg4 27. hxg4 Rxg4 28. Qf3 Bd4+ 29. Be3 Be5 30. Kf1 Rg3 31. Qe2 Rf8+ 32. Kg1 Rxe3 33. Qa6+ Kb8 34. Rxe3 Bd4 35. Rae1 Rg8 36. Qe2 Rg3 37. Qf2 Rg8 38. Rxb3+ Ka8 1-0

[Event "Berlin Eckbauer op 17th"]
[Site "Berlin"]
[Date "2014.10.27"]
[Round "3"]
[White "Wallmann, Bodo"]
[Black "Flemmig, Frithjof"]
[Result "0-1"]
[WhiteElo "1894"]
[BlackElo "1581"]
[PlyCount "100"]
[EventDate "2014.10.06"]
[EventType "swiss"]
[EventRounds "7"]
[EventCountry "GER"]
[SourceTitle "EXT 2022"]
[Source "ChessBase"]
[SourceDate "2021.10.06"]
[SourceVersion "1"]
[SourceVersionDate "2021.10.06"]
[SourceQuality "1"]

1. d4 Nf6 2. Nf3 g6 3. c4 Bg7 4. Nc3 d5 5. Bg5 Ne4 6. Bf4 Nd7 7. Nxd5 e5 8. dxe5 c6 9. Nc3 Qa5 10. Bd2 Nxd2 11. Qxd2 Nxe5 12. Nxe5 Qxe5 13. e3 0-0 14. Be2 Qg5 15. Bf3 Be6 16. Ne4 Qe7 17. 0-0 Bxc4 18. Rfd1 Rad8 19. Qc2 Bd5 20. Nd2 Qb4 21. Bxd5 Rxd5 22. Nb3 Rfd8 23. Rxd5 Rxd5 24. Rc1 Qd6 25. h3 Be5 26. Rf1 Bf6 27. e4 Rd3 28. f4 Bd8 29. Kh1 Bb6 30. Qc4 Rg3 31. Kh2 Qd3 32. Qxd3 Rxd3 33. Re1 a5 34. Re2 a4 35. Na1 Re3 36. Rxe3 Bxe3 37. g3 Bd4 38. Nc2 Bxb2 39. Kg2 f6 40. Kf2 Kf7 41. Ke2 Ke6 42. Kd3 b5 43. Nb4 Kd6 44. Kc2 Bd4 45. g4 g5 46. fxg5 fxg5 47. Kd3 c5 48. Nd5 Ke5 49. Nc7 c4+ 50. Kc2 b4 0-1

[Event "Berlin Eckbauer op 16th"]
[Site "Berlin"]
[Date "2013.11.04"]
[Round "5"]
[White "Flemmig, Frithjof"]
[Black "Mayer, Herbert"]
[Result "0-1"]
[WhiteElo "1530"]
[BlackElo "1981"]
[PlyCount "80"]
[EventDate "2013.10.07"]
[EventType "swiss"]
[EventRounds "7"]
[EventCountry "GER"]
[SourceTitle "EXT 2022"]
[Source "ChessBase"]
[SourceDate "2021.10.06"]
[SourceVersion "1"]
[SourceVersionDate "2021.10.06"]
[SourceQuality "1"]

1. d4 Nf6 2. c4 g6 3. Nf3 d5 4. g3 Bg7 5. Bg2 0-0 6. 0-0 Na6 7. Nc3 Rb8 8. b3 dxc4 9. bxc4 c5 10. Bf4 Ra8 11. Be5 cxd4 12. Nxd4 Ne4 13. Bxg7 Nxc3 14. Qc2 Nxe2+ 15. Qxe2 Kxg7 16. Qe5+ Kg8 17. Rab1 f6 18. Bd5+ Kh8 19. Qe3 Nc5 20. Nc6 bxc6 21. Bxc6 Bf5 22. Rbd1 Qc7 23. Bxa8 Rxa8 24. Rd5 Rc8 25. Rfd1 Na4 26. c5 Nb2 27. Rc1 Qb7 28. Qd4 Nd3 29. Rd8+ Kg7 30. Rxc8 Qxc8 31. Rc3 Ne5 32. h4 Qc6 33. Qf4 Be4 34. g4 Nf3+ 35. Kf1 Nxh4 36. g5 Qb5+ 37. Kg1 Qb1+ 38. Rc1 Nf3+ 39. Kf1 Qd3+ 40. Kg2 Nxg5+ 0-1

[Event "Berlin Eckbauer op 16th"]
[Site "Berlin"]
[Date "2013.10.28"]
[Round "4"]
[White "Wallmann, Bodo"]
[Black "Flemmig, Frithjof"]
[Result "1/2-1/2"]
[WhiteElo "1894"]
[BlackElo "1530"]
[PlyCount "109"]
[EventDate "2013.10.07"]
[EventType "swiss"]
[EventRounds "7"]
[EventCountry "GER"]
[SourceTitle "EXT 2022"]
[Source "ChessBase"]
[SourceDate "2021.10.06"]
[SourceVersion "1"]
[SourceVersionDate "2021.10.06"]
[SourceQuality "1"]

1. d4 Nf6 2. Nf3 g6 3. Bf4 d6 4. e3 Bg7 5. Bd3 0-0 6. h3 c5 7. c3 cxd4 8. exd4 Nc6 9. 0-0 Re8 10. Re1 Nd5 11. Bh2 a6 12. Be4 Nf6 13. Bc2 b6 14. Nbd2 Bb7 15. Ne4 Qc7 16. Ned2 Rad8 17. Qe2 Nd7 18. Qd3 e5 19. d5 Nc5 20. Qe3 Ne7 21. c4 e4 22. Nd4 Nf5 23. Nxf5 gxf5 24. Rab1 Qe7 25. b4 Nd7 26. Ba4 b5 27. Bb3 Be5 28. Bf4 Kh8 29. Bg5 f6 30. Bf4 Rg8 31. Kh1 Qf7 32. a4 Rc8 33. Rec1 Qg6 34. Rg1 Qh5 35. Rbc1 Rg4 36. Bh2 Qh4 37. Bd1 Rg7 38. f4 exf3 39. Nxf3 Qe4 40. Qxe4 fxe4 41. Nxe5 fxe5 42. Bg4 Rxc4 43. axb5 axb5 44. Be6 Nb6 45. Rcf1 Rgc7 46. Rf8+ Kg7 47. Rg8+ Kh6 48. g4 Rg7 49. g5+ Kg6 50. Rf8 Nxd5 51. Bf5+ Kh5 52. Bg4+ Kg6 53. Bf5+ Kh5 54. Bg4+ Kg6 55. Bf5+ 1/2-1/2

[Event "Berlin Eckbauer op 16th"]
[Site "Berlin"]
[Date "2013.10.21"]
[Round "3"]
[White "Flemmig, Frithjof"]
[Black "Korell, Klaus Peter"]
[Result "1/2-1/2"]
[WhiteElo "1530"]
[BlackElo "1960"]
[PlyCount "85"]
[EventDate "2013.10.07"]
[EventType "swiss"]
[EventRounds "7"]
[EventCountry "GER"]
[SourceTitle "EXT 2022"]
[Source "ChessBase"]
[SourceDate "2021.10.06"]
[SourceVersion "1"]
[SourceVersionDate "2021.10.06"]
[SourceQuality "1"]

1. d4 Nf6 2. c4 e6 3. g3 d5 4. Bg2 Be7 5. Nc3 0-0 6. Nf3 b6 7. 0-0 Bb7 8. Ne5 Nbd7 9. Qa4 Nxe5 10. dxe5 Nd7 11. cxd5 Nxe5 12. Rd1 Qc8 13. Bf4 Ng6 14. Bxc7 Qxc7 15. d6 Bxd6 16. Nb5 Qe7 17. Bxb7 Qxb7 18. Rxd6 a6 19. Nc3 Rad8 20. Rad1 Rxd6 21. Rxd6 Rc8 22. Qd4 Rb8 23. Na4 Rc8 24. Rd8+ Nf8 25. Rxc8 Qxc8 26. Nxb6 Qc7 27. a4 Ng6 28. a5 Ne7 29. b4 h6 30. Qd3 Nc6 31. Qc4 Qb7 32. Qc5 Na7 33. f3 Qc6 34. Kf2 Qxc5+ 35. bxc5 Kf8 36. e4 Ke8 37. Ke3 Kd8 38. Nc4 Nc6 39. f4 Kc7 40. g4 Nd8 41. Nd6 Kd7 42. e5 Nc6 43. Nc4 1/2-1/2